Les 22 sport les plus pratiqués en France - Statistiques

Statistiques générales
  • Ce quiz a été pris 1 355 fois
  • Le résultat moyen est 12 sur 22
Statistiques - réponses
Réponse % Correct
1 foot
100%
2 tennis
93%
5 basketball
89%
6 handball
86%
7 rugby
81%
10 natation
80%
3 equitation
75%
12 athlétisme
71%
4 judo
70%
19 badminton
61%
13 gymnastique
56%
17 tennis de table
56%
15 karaté
54%
8 golf
53%
22 cyclisme
48%
11 pétanque
36%
21 ski
36%
9 voile
19%
16 randonnée
10%
20 cyclotourisme
1%
14 sport sous-marins
1%
18 tir sportif
1%
Aucun quiz correspondant
Distribution des résultats
% des personnes avec chaque résultat
Percentile par nombre de réponses
Votre historique - résultats
Vous n’avez pas pris ce quiz